000 01086nam a22003257a 4500
003 CHAP
005 20220817041804.0
008 971013s1975 r 00010 d
010 _a24524
011 _a25496
035 _a29596
040 _cCHAP
090 _aFolleto 2702 (1974)
110 _aComité Mixto FAO/OMS de Expertos en Aditivos Alimentarios
_925891
245 _aEvaluación de ciertos aditivos alimentarios
_b: decimooctavo informe...
260 _aRoma :
_bFAO,
_c1975
300 _a40 p.
490 _aFAO. Reuniones sobre nutrición
_v; 54
590 _aBATCH-UPD
_b10
_c20130110
_lUCH01
_h1857
590 _aBATCH-UPD
_b10
_c20130410
_lUCH01
_h1226
590 _aBATCH-UPD
_b10
_c20130913
_lUCH01
_h2010
590 _aCONVERSION
_b10
_c20130109
_lUCH01
_h1314
650 1 4 _aAditivos alimenticios.
_9907
710 0 _aFAO.
830 0 _aFAO. Reuniones sobre nutrición
_v; 54
_939679
901 _aBK
942 _cFOLL
949 _aFolleto 2702 (1974)
_bBC
_cFOLL
_d-68379
_eTS1
_i29596
_mD
_si
949 _aFolleto 2702 (1974)
_bBC
_cFOLL
_d-68380
_eTS2
_fc.2
_i29596
_mD
_si
999 _c24524
_d24524